Statistics for Every Supercell game

Click here to take the quiz!

General Stats

  • This quiz has been taken 7 times
  • The average score is 5 of 6

Answer Stats

DownloadsAnswer% Correct
500mil+Clash of clans
100%
100mil+Clash Royale
100%
100mil+Boom Beach
86%
100mil+Hay Day
86%
100mil+Brawl Stars
71%
1mil+Clash Mini
43%

Score Distribution

Percentile by Number Answered

Percent of People with Each Score

Your Score History

You have not taken this quiz